Identidades para la paz (Record no. 14746)
[ view plain ]
| 000 -LEADER | |
|---|---|
| campo de control de longitud fija | 01021nam a2200277 i 4500 |
| 001 - NÚMERO DE CONTROL | |
| campo de control | 14746 |
| 003 - IDENTIFICADOR DE NÚMERO DE CONTROL | |
| campo de control | ES-MaACL |
| 005 - FECHA Y HORA DE LA ÚLTIMA TRANSACCIÓN | |
| campo de control | 20250830031707.0 |
| 007 - CAMPO FIJO DE DESCRIPCIÓN FÍSICA--INFORMACIÓN GENERAL | |
| campo de control de longitud fija | t| |
| 008 - DATOS DE LONGITUD FIJA--INFORMACIÓN GENERAL | |
| campo de control de longitud fija | 990531s1999 sp ||||1| spa d |
| 020 ## - NÚMERO INTERNACIONAL ESTÁNDAR DEL LIBRO | |
| Número Internacional Estándar del Libro | 84-7426-407-3 |
| 080 ## - NÚMERO DE LA CLASIFICACIÓN DECIMAL UNIVERSAL | |
| Número de la Clasificación Decimal Universal | 32(65)"1962/..." |
| 245 00 - MENCIÓN DEL TÍTULO | |
| Título | Identidades para la paz |
| Resto del título | : Argelia por la reconciliación nacional / |
| Mención de responsabilidad, etc. | Soledad Obispo y Olga Rufins (coord.). |
| 260 ## - PUBLICACIÓN, DISTRIBUCIÓN, ETC. | |
| Lugar de publicación, distribución, etc. | Barcelona : |
| Nombre del editor, distribuidor, etc. | Icaria, |
| Fecha de publicación, distribución, etc. | 1999. |
| 300 ## - DESCRIPCIÓN FÍSICA | |
| Extensión | 181 p. ; |
| Dimensiones | 22 cm. |
| 490 1# - MENCIÓN DE SERIE | |
| Mención de serie | Icaria antrazyt ; |
| Designación de volumen o secuencia | 134 |
| 500 ## - NOTA GENERAL | |
| Nota general | En la cubierta: Campaña por la Paz en Argelia. |
| 500 ## - NOTA GENERAL | |
| Nota general | Ponencias presentadas durante las jornadas auspiciadas en el marco de la Campaña por la Paz en Argelia, abril-mayo 1997. |
| 651 #4 - PUNTO DE ACCESO ADICIONAL DE MATERIA--NOMBRE GEOGRÁFICO | |
| Nombre geográfico | Argelia- |
| Subdivisión general | Política y gobierno. |
| 9 (RLIN) | 168702 |
| 700 1# - ENTRADA AGREGADA--NOMBRE PERSONAL | |
| Nombre de persona | Obispo, Soledad |
| 9 (RLIN) | 86409 |
| 700 1# - ENTRADA AGREGADA--NOMBRE PERSONAL | |
| Nombre de persona | Rufins, Olga. |
| 9 (RLIN) | 100553 |
| 710 2# - ENTRADA AGREGADA--NOMBRE DE ENTIDAD CORPORATIVA | |
| Nombre de entidad corporativa o nombre de jurisdicción como elemento de entrada | Campaña por la Paz en Argelia. |
| 9 (RLIN) | 2417 |
| 830 0# - PUNTO DE ACCESO ADICIONAL DE SERIE-TÍTULO UNIFORME | |
| Título uniforme | Icaria antrazyt |
| Designación de volumen o secuencia | 134 |
| 9 (RLIN) | 177286 |
| 852 ## - LOCALIZACIÓN | |
| Ubicación | ES-MaACL |
| Número de control de estantería | L-22020 |
| Sublocalización o colección | R.127328 |
| Estatus retirado | Estado de pérdida | Estado de daño | No para préstamo | Biblioteca de origen | Biblioteca actual | Ubicación en estantería | Fecha de adquisición | Fuente de adquisición | Total de préstamos | Signatura topográfica completa | Código de barras | Visto por última vez | Precio de reemplazo | Tipo de ítem Koha |
|---|---|---|---|---|---|---|---|---|---|---|---|---|---|---|
| Biblioteca del Ateneo de Madrid | Biblioteca del Ateneo de Madrid | Depósito 2 | 17/01/2008 | L-22020 | 1014995 | 23/02/2023 | 23/02/2023 | Libro impreso |
